Online katalóg knižníc regiónu Turca

Plán na dlhý a zdravý život (Record no. 22360)

MARC details
000 -LEADER
fixed length control field 02413cam a2200661 4500
001 - CONTROL NUMBER
control field 22360
003 - CONTROL NUMBER IDENTIFIER
control field VRT
005 - DATE AND TIME OF LATEST TRANSACTION
control field 20260326153346.0
008 - FIXED-LENGTH DATA ELEMENTS--GENERAL INFORMATION
fixed length control field 220509s2019 xo o grf 001 0 slo
015 ## - NATIONAL BIBLIOGRAPHY NUMBER
National bibliography number SNBA2021/04
020 ## - INTERNATIONAL STANDARD BOOK NUMBER
International Standard Book Number 9788080972653
Qualifying information (viazané)
035 ## - SYSTEM CONTROL NUMBER
System control number urn:nbn:sk:snk-am00gkt8
035 ## - SYSTEM CONTROL NUMBER
System control number urn:nbn:sk:snk-am3j79s
035 ## - SYSTEM CONTROL NUMBER
System control number FF9B42CD-D39C-4028-A0FB-7298BB431B0C
039 #9 - LEVEL OF BIBLIOGRAPHIC CONTROL AND CODING DETAIL [OBSOLETE]
Level of rules in bibliographic description 202205091657
Level of effort used to assign nonsubject heading access points VLOAD
Level of effort used to assign subject headings 202204221228
Level of effort used to assign classification VLOAD
Level of effort used to assign subject headings 202202271353
Level of effort used to assign classification AUTHORITY
Level of effort used to assign subject headings 202104261059
Level of effort used to assign classification msnk123
040 ## - CATALOGING SOURCE
Original cataloging agency SVKBB
Language of cataloging slo
Transcribing agency SVKBB
Description conventions rda
041 1# - LANGUAGE CODE
Language code of text/sound track or separate title slo
Language code of original eng
044 ## - COUNTRY OF PUBLISHING/PRODUCING ENTITY CODE
MARC country code xo
ISO country code SK
072 #7 - SUBJECT CATEGORY CODE
Subject category code 613
Subject category code subdivision Hygiena. Ľudské zdravie
Source konspekt
080 ## - UNIVERSAL DECIMAL CLASSIFICATION NUMBER
Universal Decimal Classification number 612.67
Edition identifier 2011
080 ## - UNIVERSAL DECIMAL CLASSIFICATION NUMBER
Universal Decimal Classification number 613
Edition identifier 2011
080 ## - UNIVERSAL DECIMAL CLASSIFICATION NUMBER
Universal Decimal Classification number 613.2
Edition identifier 2011
080 ## - UNIVERSAL DECIMAL CLASSIFICATION NUMBER
Universal Decimal Classification number (0.062)
Edition identifier 2011
100 1# - MAIN ENTRY--PERSONAL NAME
Personal name Harrar, Sarí
Relationship aut
240 10 - UNIFORM TITLE
Uniform title Long life prescription
Language of a work Slovensky
245 10 - TITLE STATEMENT
Title Plán na dlhý a zdravý život
Remainder of title fit a plní energie v každom veku
Statement of responsibility, etc. Sarí Harrar a Debra Gordon ; z anglického originálu Long life prescription preložila Miriam Ghaniová ; fotografie Jill Wachter ; register Nataša Holinová
250 ## - EDITION STATEMENT
Edition statement Druhé, upravené vydanie
264 1# - PRODUCTION, PUBLICATION, DISTRIBUTION, MANUFACTURE, AND COPYRIGHT NOTICE
Place of production, publication, distribution, manufacture Bratislava
Name of producer, publisher, distributor, manufacturer Tarsago Slovensko
Date of production, publication, distribution, manufacture, or copyright notice 2020
300 ## - PHYSICAL DESCRIPTION
Extent 352 strán
Other physical details farebné fotografie
Dimensions 26 cm
336 ## - CONTENT TYPE
Content type term text
Content type code txt
Source rdacontent
336 ## - CONTENT TYPE
Content type term statický obraz
Content type code sti
Source rdacontent
337 ## - MEDIA TYPE
Media type term bez média
Media type code n
Source rdamedia
338 ## - CARRIER TYPE
Carrier type term zväzok
Carrier type code nc
Source rdacarrier
490 1# - SERIES STATEMENT
Series statement Reader's Digest
504 ## - BIBLIOGRAPHY, ETC. NOTE
Bibliography, etc. note Obsahuje register
650 07 - SUBJECT ADDED ENTRY--TOPICAL TERM
Topical term or geographic name entry element starnutie
Source of heading or term SNKPH
650 07 - SUBJECT ADDED ENTRY--TOPICAL TERM
Topical term or geographic name entry element Health behavior
Source of heading or term SNKPHeng
650 07 - SUBJECT ADDED ENTRY--TOPICAL TERM
Topical term or geographic name entry element životospráva
Source of heading or term SNKPH
650 07 - SUBJECT ADDED ENTRY--TOPICAL TERM
Topical term or geographic name entry element racionálna výživa
Source of heading or term SNKPH
650 07 - SUBJECT ADDED ENTRY--TOPICAL TERM
Topical term or geographic name entry element Dietetic food
Source of heading or term SNKPHeng
650 07 - SUBJECT ADDED ENTRY--TOPICAL TERM
Topical term or geographic name entry element Aging
Source of heading or term SNKPHeng
650 07 - SUBJECT ADDED ENTRY--TOPICAL TERM
Topical term or geographic name entry element starostlivosť o zdravie
Source of heading or term SNKPH
650 07 - SUBJECT ADDED ENTRY--TOPICAL TERM
Topical term or geographic name entry element Health care
Source of heading or term SNKPHeng
655 #7 - INDEX TERM--GENRE/FORM
Genre/form data or focus term populárno-náučné publikácie
Source of term SNKPH
655 #7 - INDEX TERM--GENRE/FORM
Genre/form data or focus term Popular works
Source of term SNKPHeng
700 1# - ADDED ENTRY--PERSONAL NAME
Personal name Gordon, Debra
Relationship aut
700 1# - ADDED ENTRY--PERSONAL NAME
Personal name Ghaniová, Miriam
Relationship trl
700 1# - ADDED ENTRY--PERSONAL NAME
Personal name Holinová, Nataša
Relationship oth
700 ## - ADDED ENTRY--PERSONAL NAME
Personal name Wachter, Jill
Relationship pht
830 #0 - SERIES ADDED ENTRY--UNIFORM TITLE
Uniform title Reader's Digest
910 ## - USER-OPTION DATA (OCLC)
User-option data snk
942 ## - ADDED ENTRY ELEMENTS (KOHA)
Source of classification or shelving scheme Dewey Decimal Classification
Koha item type Krásna literatúra pre dospelých
Suppress in OPAC No
949 ## - LOCAL PROCESSING INFORMATION (OCLC)
6 17A1447512
a snkSB 96197
b snk2020/22293
o 1708/2020
s 6100:20210211
949 ## - LOCAL PROCESSING INFORMATION (OCLC)
6 17A1447513
a snkSB 96197 D1
b snk2020/22294
o 1708/2020
949 ## - LOCAL PROCESSING INFORMATION (OCLC)
6 273K0659859
a svkpoC 61404
b svkpo650412
949 ## - LOCAL PROCESSING INFORMATION (OCLC)
6 270001000619335
a svkbbC 64935
b svkbbm 792482
949 ## - LOCAL PROCESSING INFORMATION (OCLC)
6 2889360230
a savukPV 30689
b savuk2020/2980
Holdings
Stav vyradenia Strata Poškodenie Spôsob nadobudnutia Domovská knižnica Aktuálna knižnica Dátum nadobudnutia Total checkouts Čiarový kód exemplára Date last seen Typ exemplára
      Kúpa Obecná knižnica Horná Štubňa Obecná knižnica Horná Štubňa 26.03.2026   9788080972653 26.03.2026 Krásna literatúra pre dospelých
Projekt je podporený Slovenskou asociáciou knižníc
Prevádzkuje Turčianska knižnica Martin 2026